00571nam a2200205Ia 450000500170000000800410001702000220005804000190008004100120009908200240011110000220013524500420015726000370019930000100023644000320024650400260027865000250030465100260032985000100035520230515154638.0131103s9999 xx 000 0 und d a8126019948cRs 25 aLoreto College aEnglish aTAG 891.44bTAG-GHO aGhosh, Sisirkumar aRabindranath TagorecSisirkumar Ghosh aNew DelhibSahitya Akademic1990 a153p  aMakers of Indian Literature aIncludes bibliography aTagore, Rabindranath aLiterature in Bengali aLCLIB